Normal view MARC view
  • Janjua, Qaisar Iqbal

Entry Personal Name

Number of records used in: 3

001 - CONTROL NUMBER

  • control field: 14259

003 - CONTROL NUMBER IDENTIFIER

  • control field: NUST

005 - DATE AND TIME OF LATEST TRANSACTION

  • control field: 20190505060007.0

008 - FIXED-LENGTH DATA ELEMENTS

  • fixed length control field: 190505|| aca||aabn | a|a d

040 ## - CATALOGING SOURCE

  • Original cataloging agency: NUST
  • Transcribing agency: NUST

100 ## - HEADING--PERSONAL NAME

  • Personal name: Janjua, Qaisar Iqbal

670 ## - SOURCE DATA FOUND

  • Source citation: Work cat.: (NUST): Janjua, Qaisar Iqbal, Samuel Beckett Waiting for Godot /, N.D.
© 2023 Central Library, National University of Sciences and Technology. All Rights Reserved.